| Поле | Название | Значение |
| |
Тип записи |
a |
| |
Библиографический уровень |
m |
| 001 |
Контрольный номер |
RU/СЮИ МВД России/KNIGI/65.051.526/М 74-355820 |
| 005 |
Дата корректировки |
20140508173804.2 |
| 010 |
Индекс ISBN |
__ |
| a |
ISBN |
978-5-406-00309-1 |
| d |
Цена |
р.126.95 |
| 100 |
Данные общей обработки |
__ |
| a |
Данные общей обработки |
20110620e2010 |||y0rusy0189 |
| 101 |
Язык документа |
0_ |
| a |
Язык текста |
rus |
| 102 |
Страна публикации |
__ |
| a |
Страна публикации |
RU |
| 105 |
Кодированные данные (монография) |
__ |
| a |
Кодированные данные (монография) |
y j 000yy |
| 200 |
Заглавие и сведения об ответственности |
1_ |
| a |
Заглавие |
Финансовая статистика: денежная и банковская |
| e |
Сведения, относящиеся к заглавию |
учебник для студентов, обучающихся по специальностям Финансы и кредит, Статистика |
| f |
Первые сведения об ответственности |
С. Р. Моисеев |
| 205 |
Сведения об издании |
__ |
| a |
Основные сведения об издании |
2-е изд., испр. и доп. |
| 210 |
Выходные данные |
__ |
| a |
Место издания |
М. |
| c |
Издательство |
КноРус |
| d |
Дата издания |
2010 |
| 215 |
Физическое описание |
__ |
| a |
Объем |
208 с. |
| 327 |
Примечание о содержании |
1_ |
| a |
Примечание о содержании |
Содержание : Классификация институциональных единиц по секторам ; Денежное предложение ; Кредитное предложение ; Банковская система ; Статистика процентных ставок ; Основа составления и предоставления денежно-кредитной статистики ; Показатели финансовой устойчивости ; Статистическая практика |
| 330 |
Аннотация |
__ |
| a |
Аннотация |
Рекомендовано Учебно-методическим центром "Классический учебник" в качестве учебника для студентов, обучающихся по специальностям Финансы и кредит, Статистика |
| 464 |
Аналитический уровень |
_0 |
| 1 |
|
2001 |
| a |
|
Классификация институциональных единиц по секторам |
| 464 |
Аналитический уровень |
_0 |
| 1 |
|
2001 |
| a |
|
Денежное предложение |
| 464 |
Аналитический уровень |
_0 |
| 1 |
|
2001 |
| a |
|
Кредитное предложение |
| 464 |
Аналитический уровень |
_0 |
| 1 |
|
2001 |
| a |
|
Банковская система |
| 464 |
Аналитический уровень |
_0 |
| 1 |
|
2001 |
| a |
|
Статистика процентных ставок |
| 464 |
Аналитический уровень |
_0 |
| 1 |
|
2001 |
| a |
|
Основа составления и предоставления денежно-кредитной статистики |
| 464 |
Аналитический уровень |
_0 |
| 1 |
|
2001 |
| a |
|
Показатели финансовой устойчивости |
| 464 |
Аналитический уровень |
_0 |
| 1 |
|
2001 |
| a |
|
Статистическая практика |
| 606 |
Тематические рубрики |
__ |
| a |
Основная рубрика |
Финансовая статистика |
| 620 |
Место и дата публикации, исполнения и т.д. |
__ |
| d |
Город |
Москва |
| 686 |
Индексы других классификаций |
__ |
| a |
Классификационный индекс |
65.051.526 |
| 2 |
Код системы |
rubbk |
| 686 |
Индексы других классификаций |
__ |
| a |
Классификационный индекс |
06 |
| 2 |
Код системы |
rugasnti |
| 700 |
Автор |
_1 |
| a |
Фамилия |
Моисеев |
| b |
Имя |
С. Р. |
| 4 |
Код отношения |
070 |
| 701 |
Альтернативная интеллектуальная ответственность |
_1 |
| a |
Фамилия |
Ключников |
| b |
Имя |
М. В. |
| 4 |
Код отношения |
070 |
| 701 |
Альтернативная интеллектуальная ответственность |
_1 |
| a |
Фамилия |
Пищулин |
| b |
Имя |
Е. А. |
| 4 |
Код отношения |
070 |
| 801 |
Источник записи |
_0 |
| b |
Организация |
СЮИ МВД России |
| a |
Страна |
RU |
| c |
Дата составления |
20110620 |
| 801 |
Источник записи |
_1 |
| a |
Страна |
RU |
| b |
Организация |
ПКИ |
| c |
Дата составления |
20110620 |
| 852 |
Данные о местонахождении |
__ |
| a |
Наименование организации |
СЮИ МВД России |
| b |
Сигла хранения |
ЧЗ_Поволжский филиал |
| i |
Авторский знак |
М 74 |
| p |
Инвентарный номер |
139933 |
| j |
Шифр хранения |
65.051.526 |
| j |
Шифр хранения |
65.051.526 |
| j |
Шифр хранения |
65.051.526 |
| j |
Шифр хранения |
65.051.526 |
| j |
Шифр хранения |
65.051.526 |
| j |
Шифр хранения |
65.051.526 |
| j |
Шифр хранения |
65.051.526 |
| j |
Шифр хранения |
65.051.526 |
| j |
Шифр хранения |
65.051.526 |
| j |
Шифр хранения |
65.051.526 |
| j |
Шифр хранения |
65.051.526 |
| j |
Шифр хранения |
65.051.526 |
| j |
Шифр хранения |
65.051.526 |
| j |
Шифр хранения |
65.051.526 |
| j |
Шифр хранения |
65.051.526 |
| j |
Шифр хранения |
65.051.526 |
| j |
Шифр хранения |
65.051.526 |
| j |
Шифр хранения |
65.051.526 |
| j |
Шифр хранения |
65.051.526 |
| j |
Шифр хранения |
65.051.526 |
| 852 |
Данные о местонахождении |
__ |
| a |
Наименование организации |
СЮИ МВД России |
| b |
Сигла хранения |
УчФ_Поволжский филиал |
| i |
Авторский знак |
М 74 |
| p |
Инвентарный номер |
139934 |
| 852 |
Данные о местонахождении |
__ |
| a |
Наименование организации |
СЮИ МВД России |
| b |
Сигла хранения |
УчФ_Поволжский филиал |
| i |
Авторский знак |
М 74 |
| p |
Инвентарный номер |
139935 |
| 852 |
Данные о местонахождении |
__ |
| a |
Наименование организации |
СЮИ МВД России |
| b |
Сигла хранения |
УчФ_Поволжский филиал |
| i |
Авторский знак |
М 74 |
| p |
Инвентарный номер |
139936 |
| 852 |
Данные о местонахождении |
__ |
| a |
Наименование организации |
СЮИ МВД России |
| b |
Сигла хранения |
УчФ_Поволжский филиал |
| i |
Авторский знак |
М 74 |
| p |
Инвентарный номер |
139937 |
| 852 |
Данные о местонахождении |
__ |
| a |
Наименование организации |
СЮИ МВД России |
| b |
Сигла хранения |
УчФ_Поволжский филиал |
| i |
Авторский знак |
М 74 |
| p |
Инвентарный номер |
139938 |
| 852 |
Данные о местонахождении |
__ |
| a |
Наименование организации |
СЮИ МВД России |
| b |
Сигла хранения |
УчФ_Поволжский филиал |
| i |
Авторский знак |
М 74 |
| p |
Инвентарный номер |
139939 |
| 852 |
Данные о местонахождении |
__ |
| a |
Наименование организации |
СЮИ МВД России |
| b |
Сигла хранения |
УчФ_Поволжский филиал |
| i |
Авторский знак |
М 74 |
| p |
Инвентарный номер |
139940 |
| 852 |
Данные о местонахождении |
__ |
| a |
Наименование организации |
СЮИ МВД России |
| b |
Сигла хранения |
УчФ_Поволжский филиал |
| i |
Авторский знак |
М 74 |
| p |
Инвентарный номер |
139941 |
| 852 |
Данные о местонахождении |
__ |
| a |
Наименование организации |
СЮИ МВД России |
| b |
Сигла хранения |
УчФ_Поволжский филиал |
| i |
Авторский знак |
М 74 |
| p |
Инвентарный номер |
139942 |
| 852 |
Данные о местонахождении |
__ |
| a |
Наименование организации |
СЮИ МВД России |
| b |
Сигла хранения |
УчФ_Поволжский филиал |
| i |
Авторский знак |
М 74 |
| p |
Инвентарный номер |
139943 |
| 852 |
Данные о местонахождении |
__ |
| a |
Наименование организации |
СЮИ МВД России |
| b |
Сигла хранения |
УчФ_Поволжский филиал |
| i |
Авторский знак |
М 74 |
| p |
Инвентарный номер |
139944 |
| 852 |
Данные о местонахождении |
__ |
| a |
Наименование организации |
СЮИ МВД России |
| b |
Сигла хранения |
УчФ_Поволжский филиал |
| i |
Авторский знак |
М 74 |
| p |
Инвентарный номер |
139945 |
| 852 |
Данные о местонахождении |
__ |
| a |
Наименование организации |
СЮИ МВД России |
| b |
Сигла хранения |
УчФ_Поволжский филиал |
| i |
Авторский знак |
М 74 |
| p |
Инвентарный номер |
139946 |
| 852 |
Данные о местонахождении |
__ |
| a |
Наименование организации |
СЮИ МВД России |
| b |
Сигла хранения |
УчФ_Поволжский филиал |
| i |
Авторский знак |
М 74 |
| p |
Инвентарный номер |
139947 |
| 852 |
Данные о местонахождении |
__ |
| a |
Наименование организации |
СЮИ МВД России |
| b |
Сигла хранения |
УчФ_Поволжский филиал |
| i |
Авторский знак |
М 74 |
| p |
Инвентарный номер |
139948 |
| 852 |
Данные о местонахождении |
__ |
| a |
Наименование организации |
СЮИ МВД России |
| b |
Сигла хранения |
УчФ_Поволжский филиал |
| i |
Авторский знак |
М 74 |
| p |
Инвентарный номер |
139949 |
| 852 |
Данные о местонахождении |
__ |
| a |
Наименование организации |
СЮИ МВД России |
| b |
Сигла хранения |
УчФ_Поволжский филиал |
| i |
Авторский знак |
М 74 |
| p |
Инвентарный номер |
139950 |
| 852 |
Данные о местонахождении |
__ |
| a |
Наименование организации |
СЮИ МВД России |
| b |
Сигла хранения |
УчФ_Поволжский филиал |
| i |
Авторский знак |
М 74 |
| p |
Инвентарный номер |
139951 |
| 852 |
Данные о местонахождении |
__ |
| a |
Наименование организации |
СЮИ МВД России |
| b |
Сигла хранения |
УчФ_Поволжский филиал |
| i |
Авторский знак |
М 74 |
| p |
Инвентарный номер |
139952 |
| 901 |
Тип документа |
__ |
| t |
Тип документа |
m |
| 938 |
Служебная информация |
__ |
| a |
Название организации |
Поволжский филиал |
| b |
Имя БД |
Книги_Ирбис |
| c |
Название АИБС |
АБИС ИРБИС |